[Event "Almaty Open 2019"]
[Site "Almaty"]
[Date "2019.10.11"]
[Round "6.18"]
[White "Baimurzin, Aitkazy"]
[Black "Zhakshylykov, Erzhan"]
[Result "1-0"]
[WhiteElo "2036"]
[BlackElo "1999"]
[Annotator "NA"]
[PlyCount "95"]
[EventDate "2019.10.07"]
[EventType "swiss"]
[EventCountry "KAZ"]
[SourceTitle "playchess.com"]
[Source "ChessBase"]
[SourceQuality "1"]
[TimeControl "5400+30"]

1. c4 {[%emt 0:00:00]} Nf6 {[%emt 0:02:06]} 2. g3 {[%emt 0:01:12]} g6 {[%emt 0:01:22]} 3. Bg2 {[%emt 0:00:21]} Bg7 {[%emt 0:00:30]} 4. Nc3 {[%emt 0:00:39]} c6 {[%emt 0:01:50]} 5. e4 {[%emt 0:01:15]} d6 {[%emt 0:00:44]} 6. d4 {[%emt 0:01:48]} Nbd7 {[%emt 0:01:11]} 7. Nge2 {[%emt 0:01:48]} O-O {[%emt 0:01:53]} 8. O-O {[%emt 0:01:11]} e5 {[%emt 0:05:24]} 9. h3 {[%emt 0:03:54]} Re8 {[%emt 0:06:33]} 10. d5 {[%emt 0:03:40]} cxd5 {[%emt 0:05:49]} 11. cxd5 {[%emt 0:00:38]} a6 {[%emt 0:01:24]} 12. a4 {[%emt 0:01:39]} b6 {[%emt 0:01:25]} 13. b4 {[%emt 0:02:08]} Bb7 {[%emt 0:02:33]} 14. Be3 {[%emt 0:04:00]} Rc8 {[%emt 0:02:22]} 15. Qd2 {[%emt 0:03:00]} Rc4 {[%emt 0:04:30]} 16. Rab1 {[%emt 0:10:47]} Qc7 {[%emt 0:02:35]} 17. Rfc1 {[%emt 0:01:09]} Rc8 {[%emt 0:02:51]} 18. f3 {[%emt 0:00:45]} Ne8 {[%emt 0:13:33]} 19. g4 {[%emt 0:03:54]} f5 {[%emt 0:05:13]} 20. Na2 {[%emt 0:08:27]} Rxc1+ {[%emt 0:05:09]} 21. Rxc1 {[%emt 0:00:46]} Qd8 {[%emt 0:00:27]} 22. Bf1 {[%emt 0:01:57]} Rxc1 {[%emt 0:08:35]} 23. Qxc1 {[%emt 0:02:44]} f4 {[%emt 0:14:02]} 24. Bf2 {[%emt 0:00:36]} Bf6 {[%emt 0:01:35]} 25. Qe1 {[%emt 0:01:38]} g5 {[%emt 0:01:44]} 26. Nec3 {[%emt 0:00:23]} Qc7 {[%emt 0:00:23]} 27. Bd3 {[%emt 0:00:34]} h6 {[%emt 0:00:21]} 28. Kg2 {[%emt 0:00:29]} Kg7 {[%emt 0:00:19]} 29. Qf1 {[%emt 0:02:38]} Qc8 {[%emt 0:00:12]} 30. Qb1 {[%emt 0:00:25]} Bd8 {[%emt 0:00:31]} 31. Qb2 {[%emt 0:00:29]} Kg8 {[%emt 0:00:35]} 32. Nc1 {[%emt 0:00:57]} Kg7 {[%emt 0:00:46]} 33. Nb3 {[%emt 0:00:50]} Qc7 {[%emt 0:01:18]} 34. Nb1 {[%emt 0:03:29]} Kg8 {[%emt 0:00:51]} 35. Na3 {[%emt 0:00:27]} Qb8 {[%emt 0:02:29]} 36. Qe2 {[%emt 0:01:22]} Qc8 {[%emt 0:01:16]} 37. Nc4 {[%emt 0:00:34]} Bc7 {[%emt 0:01:28]} 38. a5 {[%emt 0:12:45]} b5 {[%emt 0:00:29]} 39. Nb6 {[%emt 0:02:14]} Qd8 {[%emt 0:01:14]} 40. Bxb5 {[%emt 0:04:18]} axb5 {[%emt 0:01:08]} 41. Qxb5 {[%emt 0:00:23]} Nb8 {[%emt 0:00:40]} 42. Qa4 {[%emt 0:01:54]} Bxb6 {[%emt 0:01:06]} 43. axb6 {[%emt 0:00:52]} Nd7 {[%emt 0:00:28]} 44. Qa7 {[%emt 0:03:02]} Qc8 {[%emt 0:00:31]} 45. Na5 {[%emt 0:00:40]} Bxd5 {[%emt 0:00:34]} 46. exd5 {[%emt 0:00:29]} Nb8 {[%emt 0:00:30]} 47. b7 {[%emt 0:00:51]} Qc7 {[%emt 0:00:20]} 48. Nc6 {[%emt 0:00:16]} 1-0

[Event "Almaty Open 2019"]
[Site "Almaty"]
[Date "2019.10.12"]
[Round "7.1"]
[White "Fier, Alexandr"]
[Black "Hamitevici, Vladimir"]
[Result "1-0"]
[WhiteElo "2541"]
[BlackElo "2472"]
[Annotator "ChessBase"]
[PlyCount "103"]
[EventDate "2019.10.07"]
[EventType "swiss"]
[EventCountry "KAZ"]
[SourceTitle "playchess.com"]
[Source "ChessBase"]
[SourceQuality "1"]
[TimeControl "5400+30"]

1. c4 {[%emt 0:00:00]} g6 {[%emt 0:06:58]} 2. d4 {[%emt 0:00:10]} Bg7 {[%emt 0:00:06]} 3. Nf3 {[%emt 0:01:31]} d6 {[%emt 0:00:18]} 4. g3 {[%emt 0:00:32]} c5 {[%emt 0:02:29]} 5. Bg2 {[%emt 0:01:51]} Nc6 {[%emt 0:00:30]} 6. d5 {[%emt 0:00:13]} Na5 {[%emt 0:01:35]} 7. O-O {[%emt 0:01:11]} a6 {[%emt 0:03:08]} 8. Na3 {[%emt 0:03:14]} Nf6 {[%emt 0:03:24]} 9. Bd2 {[%emt 0:06:29]} b5 {[%emt 0:04:09]} 10. cxb5 {[%emt 0:02:02]} O-O {[%emt 0:01:15]} 11. b6 {[%emt 0:01:30]} Qxb6 {[%emt 0:00:41]} 12. Bc3 {[%emt 0:00:05]} Ne4 {[%emt 0:01:38]} 13. Bxg7 {[%emt 0:01:12]} Kxg7 {[%emt 0:00:02]} 14. Qc2 {[%emt 0:02:26]} Qb4 {[%emt 0:06:23]} 15. Ne1 {[%emt 0:02:45]} Nf6 {[%emt 0:10:23]} 16. Nd3 {[%emt 0:00:23]} Qb6 {[%emt 0:00:06]} 17. e4 {[%emt 0:04:56]} c4 {[%emt 0:09:19]} 18. Nxc4 {[%emt 0:00:06]} Nxc4 {[%emt 0:00:04]} 19. Qxc4 {[%emt 0:00:05]} a5 {[%emt 0:00:04]} 20. Qc6 {[%emt 0:06:50]} Qb8 {[%emt 0:00:22]} 21. e5 {[%emt 0:05:15]} dxe5 {[%emt 0:00:35]} 22. Nxe5 {[%emt 0:03:07]} Ba6 {[%emt 0:00:07]} 23. Rfe1 {[%emt 0:00:03]} Qxb2 {[%emt 0:02:12]} 24. Qc5 {[%emt 0:00:07]} Rfe8 {[%emt 0:06:04]} 25. Nc6 {[%emt 0:03:15]} Nd7 {[%emt 0:03:02]} 26. Qxa5 {[%emt 0:02:04]} Bf1 {[%emt 0:00:42]} 27. Qc7 {[%emt 0:01:23]} Bxg2 {[%emt 0:00:17]} 28. Kxg2 {[%emt 0:02:17]} Nf6 {[%emt 0:06:28]} 29. Qe5 {[%emt 0:02:53]} Rxa2 {[%emt 0:00:44]} 30. Rxa2 {[%emt 0:00:35]} Qxa2 {[%emt 0:00:10]} 31. Nxe7 {[%emt 0:00:04]} Rxe7 {[%emt 0:11:18]} 32. Qxe7 {[%emt 0:00:08]} Qxd5+ {[%emt 0:00:03]} 33. Kg1 {[%emt 0:00:06]} h5 {[%emt 0:01:15]} 34. Qe5 {[%emt 0:00:03]} Qxe5 {[%emt 0:01:53]} 35. Rxe5 {[%emt 0:01:26]} Nd7 {[%emt 0:00:10]} 36. Rb5 {[%emt 0:00:06]} Nf8 {[%emt 0:00:16]} 37. Kg2 {[%emt 0:00:23]} Ne6 {[%emt 0:00:07]} 38. Rd5 {[%emt 0:00:30]} Kf6 {[%emt 0:02:55]} 39. Kf3 {[%emt 0:00:09]} Ng5+ {[%emt 0:03:30]} 40. Ke3 {[%emt 0:00:06]} Ne6 {[%emt 0:00:04]} 41. f4 {[%emt 0:00:35]} Nc7 {[%emt 0:02:22]} 42. Ra5 {[%emt 0:00:22]} Ne8 {[%emt 0:00:38]} 43. Ra6+ {[%emt 0:00:16]} Kg7 {[%emt 0:00:12]} 44. Kd4 {[%emt 0:01:02]} Nf6 {[%emt 0:00:25]} 45. h3 {[%emt 0:00:06]} Ng8 {[%emt 0:00:49]} 46. f5 {[%emt 0:05:29]} Nf6 {[%emt 0:00:13]} 47. fxg6 {[%emt 0:02:54]} fxg6 {[%emt 0:00:05]} 48. Ra7+ {[%emt 0:00:02]} Kh6 {[%emt 0:00:31]} 49. Ke5 {[%emt 0:00:04]} Ne8 {[%emt 0:03:27]} 50. Ra8 {[%emt 0:00:16]} Ng7 {[%emt 0:00:14]} 51. Kf6 {[%emt 0:00:07]} Nf5 {[%emt 0:00:16]} 52. Rh8# 1-0

[Event "Almaty Open 2019"]
[Site "Almaty"]
[Date "2019.10.12"]
[Round "7.2"]
[White "Igambergenov, Alibek"]
[Black "Makhnev, Denis"]
[Result "1-0"]
[WhiteElo "2402"]
[BlackElo "2478"]
[Annotator "ChessBase"]
[PlyCount "141"]
[EventDate "2019.10.07"]
[EventType "swiss"]
[EventCountry "KAZ"]
[SourceTitle "playchess.com"]
[Source "ChessBase"]
[SourceQuality "1"]
[TimeControl "5400+30"]

1. Nf3 {[%emt 0:02:04]} d5 {[%emt 0:00:00]} 2. c4 {[%emt 0:00:43]} d4 {[%emt 0:00:00]} 3. b4 {[%emt 0:01:32]} Bg4 {[%emt 0:00:12]} 4. e3 {[%emt 0:04:34]} c6 {[%emt 0:04:25]} 5. exd4 {[%emt 0:10:58]} Bxf3 {[%emt 0:00:15]} 6. Qxf3 {[%emt 0:00:06]} Qxd4 {[%emt 0:00:05]} 7. Nc3 {[%emt 0:00:08]} e5 {[%emt 0:02:12]} 8. a3 {[%emt 0:00:16]} a5 {[%emt 0:02:31]} 9. b5 {[%emt 0:00:10]} Nf6 {[%emt 0:00:07]} 10. Bb2 {[%emt 0:00:40]} Be7 {[%emt 0:05:29]} 11. Na4 {[%emt 0:13:17]} Qd8 {[%emt 0:07:03]} 12. Bxe5 {[%emt 0:00:12]} O-O {[%emt 0:01:16]} 13. Be2 {[%emt 0:00:21]} Nbd7 {[%emt 0:02:32]} 14. Bc3 {[%emt 0:03:59]} cxb5 {[%emt 0:03:27]} 15. cxb5 {[%emt 0:00:14]} Nb6 {[%emt 0:00:29]} 16. Nxb6 {[%emt 0:01:32]} Qxb6 {[%emt 0:00:06]} 17. O-O {[%emt 0:00:14]} Rad8 {[%emt 0:05:03]} 18. Bc4 {[%emt 0:03:03]} Bc5 {[%emt 0:02:26]} 19. a4 {[%emt 0:06:05]} Bd4 {[%emt 0:03:24]} 20. Bxd4 {[%emt 0:00:06]} Qxd4 {[%emt 0:03:26]} 21. d3 {[%emt 0:02:45]} b6 {[%emt 0:02:39]} 22. Rae1 {[%emt 0:02:19]} Qd6 {[%emt 0:05:02]} 23. Qc6 {[%emt 0:04:45]} Qxc6 {[%emt 0:08:35]} 24. bxc6 {[%emt 0:00:12]} Rc8 {[%emt 0:00:03]} 25. Bb5 {[%emt 0:04:50]} Rc7 {[%emt 0:00:38]} 26. Re5 {[%emt 0:15:59]} Rd8 {[%emt 0:01:43]} 27. Rc1 {[%emt 0:00:22]} Kf8 {[%emt 0:01:58]} 28. Kf1 {[%emt 0:00:27]} Nd5 {[%emt 0:10:46]} 29. Ke2 {[%emt 0:02:56]} Nf4+ {[%emt 0:09:18]} 30. Kd2 {[%emt 0:00:08]} Ne6 {[%emt 0:00:07]} 31. Rc4 {[%emt 0:04:38]} Rd6 {[%emt 0:03:27]} 32. Kc3 {[%emt 0:02:04]} g6 {[%emt 0:03:00]} 33. Rce4 {[%emt 0:01:21]} Ke7 {[%emt 0:00:35]} 34. Kc4 {[%emt 0:01:38]} f5 {[%emt 0:00:14]} 35. Re3 {[%emt 0:00:58]} Rc8 {[%emt 0:01:20]} 36. Rd5 {[%emt 0:04:00]} Rxd5 {[%emt 0:02:02]} 37. Kxd5 {[%emt 0:00:02]} Rd8+ {[%emt 0:00:06]} 38. Kc4 {[%emt 0:00:39]} Kf6 {[%emt 0:04:01]} 39. Ba6 {[%emt 0:01:31]} Nc7 {[%emt 0:04:19]} 40. Bb7 {[%emt 0:00:07]} Rd5 {[%emt 0:01:09]} 41. d4 {[%emt 0:01:08]} b5+ {[%emt 0:00:06]} 42. axb5 {[%emt 0:00:04]} Rxb5 {[%emt 0:00:03]} 43. f4 {[%emt 0:01:22]} Rb1 {[%emt 0:01:26]} 44. Kc5 {[%emt 0:01:46]} Rc1+ {[%emt 0:00:03]} 45. Kd6 {[%emt 0:00:04]} Nb5+ {[%emt 0:00:03]} 46. Kd7 {[%emt 0:00:08]} Rd1 {[%emt 0:00:01]} 47. c7 {[%emt 0:03:40]} Rxd4+ {[%emt 0:00:05]} 48. Kc6 {[%emt 0:00:02]} Nxc7 {[%emt 0:00:11]} 49. Kxc7 {[%emt 0:00:01]} Rxf4 {[%emt 0:00:06]} 50. Kd6 {[%emt 0:00:26]} a4 {[%emt 0:01:47]} 51. Bd5 {[%emt 0:00:20]} Rh4 {[%emt 0:00:50]} 52. h3 {[%emt 0:00:06]} Rb4 {[%emt 0:00:36]} 53. Ra3 {[%emt 0:00:46]} h5 {[%emt 0:00:41]} 54. Bc6 {[%emt 0:00:28]} Rd4+ {[%emt 0:02:32]} 55. Kc5 {[%emt 0:00:05]} Rd2 {[%emt 0:00:07]} 56. Rxa4 {[%emt 0:00:16]} g5 {[%emt 0:00:10]} 57. Rd4 {[%emt 0:00:45]} Rc2+ {[%emt 0:00:42]} 58. Kd6 {[%emt 0:00:04]} Rc1 {[%emt 0:00:37]} 59. Bd5 {[%emt 0:00:50]} Rh1 {[%emt 0:01:10]} 60. Be6 {[%emt 0:01:09]} Rh2 {[%emt 0:01:04]} 61. Rd5 {[%emt 0:00:29]} Rxg2 {[%emt 0:01:14]} 62. Rxf5+ {[%emt 0:00:05]} Kg6 {[%emt 0:00:06]} 63. Ke7 {[%emt 0:00:04]} Re2 {[%emt 0:00:22]} 64. Rf8 {[%emt 0:00:23]} g4 {[%emt 0:01:38]} 65. h4 {[%emt 0:00:05]} Rh2 {[%emt 0:00:35]} 66. Rg8+ {[%emt 0:01:25]} Kh7 {[%emt 0:00:04]} 67. Rg5 {[%emt 0:00:05]} Rxh4 {[%emt 0:01:02]} 68. Kf7 {[%emt 0:00:19]} Rh2 {[%emt 0:00:34]} 69. Bf5+ {[%emt 0:00:08]} Kh6 {[%emt 0:00:03]} 70. Rg6+ {[%emt 0:00:03]} Kh7 {[%emt 0:00:04]} 71. Rf6+ {[%emt 0:00:03]} 1-0

[Event "Almaty Open 2019"]
[Site "Almaty"]
[Date "2019.10.12"]
[Round "7.3"]
[White "Harutyunian, Tigran K."]
[Black "Khusenkhojaev, Muhammad"]
[Result "1-0"]
[WhiteElo "2535"]
[BlackElo "2434"]
[Annotator "ChessBase"]
[PlyCount "93"]
[EventDate "2019.10.07"]
[EventType "swiss"]
[EventCountry "KAZ"]
[SourceTitle "playchess.com"]
[Source "ChessBase"]
[SourceQuality "1"]
[TimeControl "5400+30"]

1. c4 {[%emt 0:01:12]} Nf6 {[%emt 0:00:00]} 2. Nc3 {[%emt 0:00:07]} d5 {[%emt 0:00:00]} 3. cxd5 {[%emt 0:01:04]} Nxd5 {[%emt 0:00:04]} 4. Nf3 {[%emt 0:00:53]} g6 {[%emt 0:00:14]} 5. Qb3 {[%emt 0:00:10]} Nb6 {[%emt 0:00:08]} 6. d4 {[%emt 0:00:13]} Bg7 {[%emt 0:00:17]} 7. Bf4 {[%emt 0:00:17]} Be6 {[%emt 0:00:46]} 8. Qa3 {[%emt 0:00:51]} Nc6 {[%emt 0:01:02]} 9. e3 {[%emt 0:02:21]} O-O {[%emt 0:02:39]} 10. Bb5 {[%emt 0:03:31]} Bd7 {[%emt 0:17:17]} 11. O-O {[%emt 0:04:04]} a6 {[%emt 0:05:26]} 12. Be2 {[%emt 0:01:38]} Be6 {[%emt 0:10:57]} 13. Rac1 {[%emt 0:02:24]} Bc4 {[%emt 0:02:31]} 14. Bxc4 {[%emt 0:03:00]} Nxc4 {[%emt 0:00:04]} 15. Qb3 {[%emt 0:00:49]} Nb6 {[%emt 0:04:37]} 16. Rfd1 {[%emt 0:03:41]} Na5 {[%emt 0:02:15]} 17. Qc2 {[%emt 0:06:52]} Nac4 {[%emt 0:00:16]} 18. Ne4 {[%emt 0:00:58]} Nd6 {[%emt 0:01:33]} 19. Nc5 {[%emt 0:01:05]} Qc8 {[%emt 0:04:44]} 20. e4 {[%emt 0:04:25]} Rd8 {[%emt 0:04:47]} 21. h3 {[%emt 0:01:25]} Nd7 {[%emt 0:03:40]} 22. Na4 {[%emt 0:06:45]} b5 {[%emt 0:07:56]} 23. Nc3 {[%emt 0:00:21]} Nb6 {[%emt 0:01:12]} 24. Ne2 {[%emt 0:04:00]} Qe6 {[%emt 0:02:56]} 25. d5 {[%emt 0:03:21]} Qxe4 {[%emt 0:03:21]} 26. Qxe4 {[%emt 0:00:12]} Nxe4 {[%emt 0:00:03]} 27. Bxc7 {[%emt 0:00:08]} Nxd5 {[%emt 0:00:16]} 28. Bxd8 {[%emt 0:00:08]} Rxd8 {[%emt 0:00:04]} 29. Nf4 {[%emt 0:00:58]} e6 {[%emt 0:01:11]} 30. Nxd5 {[%emt 0:00:36]} exd5 {[%emt 0:00:04]} 31. Nd4 {[%emt 0:00:15]} a5 {[%emt 0:02:34]} 32. Nc6 {[%emt 0:03:53]} Rd6 {[%emt 0:01:22]} 33. Ne7+ {[%emt 0:01:17]} Kf8 {[%emt 0:00:06]} 34. Nxd5 {[%emt 0:00:05]} Bxb2 {[%emt 0:00:41]} 35. Rb1 {[%emt 0:00:42]} Ba3 {[%emt 0:01:23]} 36. Rxb5 {[%emt 0:05:27]} Bc5 {[%emt 0:00:04]} 37. Ne3 {[%emt 0:01:09]} Bxe3 {[%emt 0:02:17]} 38. Rxd6 {[%emt 0:00:09]} Bxf2+ {[%emt 0:00:03]} 39. Kf1 {[%emt 0:00:18]} Nxd6 {[%emt 0:00:03]} 40. Rb8+ {[%emt 0:00:10]} Ke7 {[%emt 0:00:04]} 41. Kxf2 {[%emt 0:00:13]} Ke6 {[%emt 0:00:15]} 42. Ra8 {[%emt 0:00:44]} Nc4 {[%emt 0:00:09]} 43. Ke2 {[%emt 0:00:24]} h5 {[%emt 0:01:23]} 44. Ra7 {[%emt 0:01:54]} g5 {[%emt 0:01:09]} 45. Rc7 {[%emt 0:00:11]} Ne5 {[%emt 0:01:01]} 46. Rc5 {[%emt 0:00:09]} a4 {[%emt 0:00:05]} 47. Ra5 {[%emt 0:00:09] Kd5} 1-0

[Event "Almaty Open 2019"]
[Site "Almaty"]
[Date "2019.10.12"]
[Round "7.4"]
[White "Smirnov, Pavel"]
[Black "Mezentsev, Ivan"]
[Result "1-0"]
[WhiteElo "2556"]
[BlackElo "2351"]
[Annotator "ChessBase"]
[PlyCount "69"]
[EventDate "2019.10.07"]
[EventType "swiss"]
[EventCountry "KAZ"]
[SourceTitle "playchess.com"]
[Source "ChessBase"]
[SourceQuality "1"]
[TimeControl "5400+30"]

1. d4 {[%emt 0:01:23]} Nf6 {[%emt 0:07:09]} 2. c4 {[%emt 0:01:04]} e6 {[%emt 0:01:07]} 3. Nf3 {[%emt 0:00:44]} d5 {[%emt 0:01:59]} 4. Nc3 {[%emt 0:00:42]} a6 {[%emt 0:01:40]} 5. e3 {[%emt 0:01:28]} dxc4 {[%emt 0:00:57]} 6. Bxc4 {[%emt 0:00:45]} b5 {[%emt 0:00:43]} 7. Bb3 {[%emt 0:00:05]} Bb7 {[%emt 0:02:22]} 8. O-O {[%emt 0:00:36]} c5 {[%emt 0:08:30]} 9. e4 {[%emt 0:00:17]} b4 {[%emt 0:09:50]} 10. Ba4+ {[%emt 0:19:42]} Nbd7 {[%emt 0:10:47]} 11. e5 {[%emt 0:00:23]} Ne4 {[%emt 0:02:15]} 12. Nxe4 {[%emt 0:06:24]} Bxe4 {[%emt 0:00:04]} 13. dxc5 {[%emt 0:04:26]} Bxc5 {[%emt 0:02:24]} 14. Bg5 {[%emt 0:01:39]} Be7 {[%emt 0:01:15]} 15. Bxe7 {[%emt 0:02:20]} Qxe7 {[%emt 0:00:12]} 16. Rc1 {[%emt 0:00:26]} Bd5 {[%emt 0:07:34]} 17. Rc7 {[%emt 0:01:57]} Rd8 {[%emt 0:00:11]} 18. Bxd7+ {[%emt 0:01:19]} Rxd7 {[%emt 0:01:07]} 19. Qa4 {[%emt 0:00:03]} Kd8 {[%emt 0:03:06]} 20. Rxd7+ {[%emt 0:11:37]} Qxd7 {[%emt 0:00:04]} 21. Qxb4 {[%emt 0:00:05]} Qc7 {[%emt 0:04:37]} 22. Ng5 {[%emt 0:00:36]} Re8 {[%emt 0:01:31]} 23. Nxf7+ {[%emt 0:02:00]} Kd7 {[%emt 0:01:38]} 24. Nd6 {[%emt 0:00:30]} Rf8 {[%emt 0:01:38]} 25. Qg4 {[%emt 0:03:48]} g6 {[%emt 0:00:58]} 26. Qh4 {[%emt 0:03:42]} h5 {[%emt 0:00:04]} 27. Qg5 {[%emt 0:00:04]} Qc2 {[%emt 0:00:04]} 28. Qh6 {[%emt 0:01:06]} Rxf2 {[%emt 0:13:06]} 29. Qg7+ {[%emt 0:04:34]} Kd8 {[%emt 0:00:12]} 30. Qg8+ {[%emt 0:00:13]} Kc7 {[%emt 0:01:56]} 31. Qc8+ {[%emt 0:00:05]} Kb6 {[%emt 0:00:01]} 32. Qb8+ {[%emt 0:00:18]} Ka5 {[%emt 0:00:22]} 33. Qd8+ {[%emt 0:00:04]} Ka4 {[%emt 0:00:44]} 34. b3+ {[%emt 0:00:03]} Ka3 {[%emt 0:00:21]} 35. Qa5+ {[%emt 0:00:06]} 1-0

[Event "Almaty Open 2019"]
[Site "Almaty"]
[Date "2019.10.12"]
[Round "7.5"]
[White "Utegaliyev, Azamat"]
[Black "Isanzhulov, Arystan"]
[Result "1-0"]
[WhiteElo "2503"]
[BlackElo "2305"]
[Annotator "ChessBase"]
[PlyCount "135"]
[EventDate "2019.10.07"]
[EventType "swiss"]
[EventCountry "KAZ"]
[SourceTitle "playchess.com"]
[Source "ChessBase"]
[SourceQuality "1"]
[TimeControl "5400+30"]

1. e4 {[%emt 0:00:00]} c5 {[%emt 0:01:56]} 2. Nc3 {[%emt 0:00:00]} d6 {[%emt 0:00:06]} 3. g3 {[%emt 0:00:00]} Nc6 {[%emt 0:01:06]} 4. Bg2 {[%emt 0:00:00]} g6 {[%emt 0:00:42]} 5. d3 {[%emt 0:00:00]} Bg7 {[%emt 0:00:05]} 6. f4 {[%emt 0:04:07]} Nh6 {[%emt 0:08:18]} 7. Nf3 {[%emt 0:02:02]} O-O {[%emt 0:01:10]} 8. O-O {[%emt 0:00:21]} f5 {[%emt 0:04:32]} 9. h3 {[%emt 0:00:18]} Nd4 {[%emt 0:10:38]} 10. Ng5 {[%emt 0:02:32]} Nf7 {[%emt 0:07:38]} 11. Nxf7 {[%emt 0:00:34]} Rxf7 {[%emt 0:00:04]} 12. Nd5 {[%emt 0:00:08]} e6 {[%emt 0:04:47]} 13. Ne3 {[%emt 0:00:06]} Kh8 {[%emt 0:00:30]} 14. c3 {[%emt 0:01:52]} Nc6 {[%emt 0:00:23]} 15. g4 {[%emt 0:00:33]} Ne7 {[%emt 0:03:10]} 16. Qb3 {[%emt 0:04:46]} Rf8 {[%emt 0:01:00]} 17. exf5 {[%emt 0:14:20]} gxf5 {[%emt 0:01:11]} 18. gxf5 {[%emt 0:00:08]} Nxf5 {[%emt 0:05:18]} 19. Nxf5 {[%emt 0:00:33]} Rxf5 {[%emt 0:00:17]} 20. Be3 {[%emt 0:01:43]} Rb8 {[%emt 0:11:26]} 21. d4 {[%emt 0:02:26]} cxd4 {[%emt 0:01:24]} 22. cxd4 {[%emt 0:00:07]} d5 {[%emt 0:03:49]} 23. Bf3 {[%emt 0:10:13]} Qh4 {[%emt 0:07:49]} 24. Kh2 {[%emt 0:11:35]} e5 {[%emt 0:09:38]} 25. Bf2 {[%emt 0:00:35]} Qh6 {[%emt 0:10:53]} 26. fxe5 {[%emt 0:02:42]} Rg5 {[%emt 0:01:17]} 27. Bg2 {[%emt 0:00:43]} Be6 {[%emt 0:01:14]} 28. Bg3 {[%emt 0:01:48]} Qg6 {[%emt 0:00:35]} 29. Rf2 {[%emt 0:01:10]} Rg8 {[%emt 0:00:43]} 30. Bf4 {[%emt 0:01:44]} Rf5 {[%emt 0:00:56]} 31. Qe3 {[%emt 0:00:04]} Bf8 {[%emt 0:01:02]} 32. Rg1 {[%emt 0:19:30]} Rh5 {[%emt 0:00:23]} 33. Rf3 {[%emt 0:01:02]} Qc2 {[%emt 0:00:32]} 34. Qd2 {[%emt 0:02:28]} Qe4 {[%emt 0:01:13]} 35. Qd3 {[%emt 0:04:32]} Qxd3 {[%emt 0:01:04]} 36. Rxd3 {[%emt 0:00:02]} Rf5 {[%emt 0:00:20]} 37. Rf1 {[%emt 0:01:40]} Be7 {[%emt 0:00:27]} 38. Rg3 {[%emt 0:01:36]} Rgf8 {[%emt 0:00:11]} 39. Bh6 {[%emt 0:00:19]} R8f7 {[%emt 0:00:49]} 40. Rxf5 {[%emt 0:03:57]} Rxf5 {[%emt 0:00:04]} 41. Bg7+ {[%emt 0:00:23]} Kg8 {[%emt 0:00:03]} 42. Bf6+ {[%emt 0:00:04]} Kf8 {[%emt 0:00:01]} 43. Bxe7+ {[%emt 0:00:05]} Kxe7 {[%emt 0:00:04]} 44. Rg7+ {[%emt 0:00:03]} Rf7 {[%emt 0:01:23]} 45. Rxf7+ {[%emt 0:00:04]} Bxf7 {[%emt 0:00:22]} 46. Kg3 {[%emt 0:00:05]} h6 {[%emt 0:00:15]} 47. Kf4 {[%emt 0:00:05]} Be6 {[%emt 0:01:37]} 48. h4 {[%emt 0:00:04]} Kf7 {[%emt 0:01:03]} 49. Bf3 {[%emt 0:00:25]} Ke7 {[%emt 0:00:03]} 50. Bg4 {[%emt 0:00:03]} Bg8 {[%emt 0:00:07]} 51. Bf5 {[%emt 0:00:05]} Kf7 {[%emt 0:00:33]} 52. e6+ {[%emt 0:00:27]} Kf6 {[%emt 0:00:05]} 53. e7 {[%emt 0:00:04]} Bf7 {[%emt 0:00:04]} 54. Bc8 {[%emt 0:00:08]} Kxe7 {[%emt 0:01:46]} 55. Ke5 {[%emt 0:00:06]} b6 {[%emt 0:00:48]} 56. Bb7 {[%emt 0:00:05]} Bg6 {[%emt 0:00:32]} 57. Bxd5 {[%emt 0:00:05]} Bd3 {[%emt 0:00:31]} 58. Be6 {[%emt 0:00:21]} Be2 {[%emt 0:00:29]} 59. d5 {[%emt 0:00:05]} Kd8 {[%emt 0:00:30]} 60. d6 {[%emt 0:00:05]} Ke8 {[%emt 0:00:08]} 61. Kf6 {[%emt 0:00:33]} Bf3 {[%emt 0:00:22]} 62. Kg6 {[%emt 0:00:52]} h5 {[%emt 0:00:08]} 63. Kg5 {[%emt 0:00:41]} Kd8 {[%emt 0:00:08]} 64. a3 {[%emt 0:03:02]} a5 {[%emt 0:00:23]} 65. Bf7 {[%emt 0:00:42]} Kd7 {[%emt 0:00:03]} 66. Bxh5 {[%emt 0:00:04]} Bd5 {[%emt 0:00:04]} 67. Kf6 {[%emt 0:00:28]} Kxd6 {[%emt 0:00:11]} 68. Bf7 {[%emt 0:00:09]} 1-0